Bilecik Bilecik Bilecik Bilecik Bilecik

Dış basında Atatürk ve Türk devrimi = (Record no. 8406)

MARC details
000 -BAŞLIK
Sabit Uzunluktaki Kontrol Alanı 01373nam a22004097a 4500
001 - KONTROL NUMARASI
Control Dosyası 0008434
003 - KONTROL NUMARASI KİMLİĞİ
Kontrol Alanı KOHA_MİRAKIL
005 - EN SON İŞLEM TARİHİ ve ZAMANI
Kontrol Alanı 20260207001634.0
007 - FİZİKSEL TANIM SABİT ALAN - GENEL BİLGİ
Sabit uzunluklu kontrol alanı ta
008 - SABİT UZUNLUKTAKİ VERİ ÖGELERİ - GENEL BİLGİ
Sabit Alan 091009b1981 tu |||gr||||#0|||0|xxx |
020 ## - ISBN - ULUSLARARASI STANDART KİTAP NUMARASI
Kullanılabilirlik koşulları TL5
040 ## - KATALOGLAMA KAYNAĞI
Özgün Kataloglama Kurumu TR-BiSEU
Kataloglama Dili tur
Çeviri Kurumu TR-BiSEU
Açıklama Kuralları rda
041 0# - DİL KODU
Metin ya da ses kaydının dil kodu xxx
044 ## - YAYINLAYAN/ÜRETEN KURULUŞUN ÜLKE KODU
ISO country code tu
050 ## - SINIFLAMA ve YER NUMARASI
Sınıflama Numarası DR589
Yer Numarası .D57 1981
100 1# - KİŞİ ADI
Yazar Adı (Kişi adı) Şimşir, Bilal N..
240 10 - TEK BİÇİM BAŞLIK
Tekbiçim Başlık <a href="Presse étrangére sur Atatürk et la révolution Turque">Presse étrangére sur Atatürk et la révolution Turque</a>
Language of a work
245 1# - ESER ADI BİLDİRİMİ
Başlık Dış basında Atatürk ve Türk devrimi =
Alt Eseradı vb. Presse étrangére sur Atatürk et la révolution Turque/
Sorumluluk Bildirimi Bilal N. Şimşir ; Bilâl N. Şimşir.
264 #1 - ÜRERİM, YAYIN, DAĞITIM ve TELİF BİLDİRİMİ
Yayın yeri Ankara :
Yayınlayan Türk Tarih Kurumu
Yayın tarihi 1981
300 ## - FİZİKSEL TANIMLAMA
Sayfa, Cilt vb. LXVIII,890 sayfa; 24 cm.
336 ## - İÇERİK TÜRÜ
Content type term metin
Content type code txt
Source rdacontent
337 ## - MEDYA TÜRÜ
Media type term aracısız
Media type code n
Source rdamedia
338 ## - TAŞIYICI TÜRÜ
Carrier type term cilt
Carrier type code nc
Source rdacarrier
490 1# - DİZİ BİLDİRİMİ
Dizi Bildirimi Türk Tarih Kurumu Yayınları XXIII.
490 1# - DİZİ BİLDİRİMİ
Dizi Bildirimi dizi ;
Cilt Numarası sa.
490 1# - DİZİ BİLDİRİMİ
Dizi Bildirimi 5.
500 ## - GENEL NOT
Genel Not Dizin var.
500 ## - GENEL NOT
Genel Not Eser çok dillidir(Türkçe, İngilizce, Fransızca)
650 #0 - KONU BAŞLIĞI EK GİRİŞ - KONU TERİMİ
Konusal terim veya coğrafi ad Atatürk, Mustafa Kemal, 1881-1938.
9 (RLIN) 8428
650 #0 - KONU BAŞLIĞI EK GİRİŞ - KONU TERİMİ
Konusal terim veya coğrafi ad Turkey--History 20th century--Sources.
9 (RLIN) 16686
650 #0 - KONU BAŞLIĞI EK GİRİŞ - KONU TERİMİ
Konusal terim veya coğrafi ad Turkey--Politics and government 1909--Sources.
9 (RLIN) 21002
830 1# - SERİ EK GİRİŞİ - TEKBİÇİM ESER ADI
Tekbiçim Başlık Türk Tarih Kurumu Yayınları XXIII.
9 (RLIN) 21003
830 1# - SERİ EK GİRİŞİ - TEKBİÇİM ESER ADI
Tekbiçim Başlık dizi ;
Volume number/sequential designation sa.
9 (RLIN) 10357
830 1# - SERİ EK GİRİŞİ - TEKBİÇİM ESER ADI
Tekbiçim Başlık 5.
9 (RLIN) 8319
907 ## - LOCAL DATA ELEMENT G, LDG (RLIN)
a Tarih
942 ## - EK GİRİŞ ÖGELERİ (KOHA)
Source of classification or shelving scheme Library of Congress Classification
Koha item type Book
Holdings
Materyal Türü Kalıcı Konum Mevcut Konum Raf Yeri Sınıflandırma Kaynağı Edinim Bilgisi Ana Konular Alt Konular Yer Numarası Demirbaş Numarası Fatura Tarihi Maliyet, Alış Fiyatı Maliyet, Yenileme Fiyatı Geri Çekilme Durumu Kayıp Durumu Hasarlı Durumu Kredi için değil Kayıt Tarih Toplam Ödünçverme Son Görülme Tarihi Son Kontrol Tarihi Satın Alma Notu
Book Prof. Dr. Azmi Özcan Kütüphanesi Prof. Dr. Azmi Özcan Kütüphanesi Uluğbey Salonu Library of Congress Classification Satın DÜNYA TARİHİ (AVRUPA, ASYA, AFRİKA VB.) Balkan Yarımadası DR589 .D57 1981 0008434 09/09/2009 5.00 5.00         09/10/2009   05/12/2024 05/12/2024 283